| 000 | 00589nam a22001817a 4500 | ||
|---|---|---|---|
| 005 | 20260506142455.0 | ||
| 008 | 260506b |||||||| |||| 00| 0 eng d | ||
| 020 | _a0815171366 Pbk. Bp. | ||
| 040 |
_aMMSU _cULS _dULS |
||
| 050 | _aRC 341 R43 1981 CHS | ||
| 100 | _aReeves, Alexander G. | ||
| 245 |
_aDisorders of the nervous system: a primer / _cAlexander G. Reeves. |
||
| 260 |
_aChicago : _bYear Book Medical Publishers, Inc., _c1981. |
||
| 300 |
_axi, 240 pages : _billustrations ; _c23 cm. |
||
| 500 | _aIncludes index. | ||
| 650 | _aNervous system-- diseases. | ||
| 942 |
_2lcc _cBK |
||
| 999 |
_c29075 _d29075 |
||